| 000 -LEADER |
| fixed length control field |
00505nam a22001577a 4500 |
| 020 ## - INTERNATIONAL STANDARD BOOK NUMBER |
| ISBN |
0131188194 |
| 050 ## - LIBRARY OF CONGRESS CALL NUMBER |
| Classification number |
RT 84.5 pro |
| 100 ## - MAIN ENTRY--AUTHOR NAME |
| Personal name |
BLAIS, Kathleen Koernig ...[et al] |
| 245 ## - TITLE STATEMENT |
| Title |
PROFESSIONAL nursing practice |
| 250 ## - EDITION STATEMENT |
| Edition statement |
5th |
| 260 ## - PUBLICATION, DISTRIBUTION, ETC. (IMPRINT) |
| Place of publication |
Upper Sadder River, NJ |
| Name of publisher |
Pearson, Prentice-Hall |
| Year of publication |
2006 |
| 300 ## - PHYSICAL DESCRIPTION |
| Number of Pages |
xix, 460p., illus, bibliographic references and index |
| 650 ## - SUBJECT ADDED ENTRY--TOPICAL TERM |
| Topical Term |
1. Nursing-Pholosophy 2. Nursing-Theory |
| 700 ## - ADDED ENTRY--PERSONAL NAME |
| Personal name |
HAYES, Janice S. KOZIER, Barbara and ERB, Glenora |
| 942 ## - ADDED ENTRY ELEMENTS (KOHA) |
| Koha item type |
Books |